<?xml version="1.0" encoding="UTF-8"?><?xml-stylesheet type="text/xsl" href="static/style.xsl"?><OAI-PMH xmlns="http://www.openarchives.org/OAI/2.0/" xmlns:xsi="http://www.w3.org/2001/XMLSchema-instance" xsi:schemaLocation="http://www.openarchives.org/OAI/2.0/ http://www.openarchives.org/OAI/2.0/OAI-PMH.xsd"><responseDate>2026-04-27T21:25:18Z</responseDate><request verb="GetRecord" identifier="oai:uvadoc.uva.es:10324/75687" metadataPrefix="marc">https://uvadoc.uva.es/oai/request</request><GetRecord><record><header><identifier>oai:uvadoc.uva.es:10324/75687</identifier><datestamp>2025-05-07T19:02:27Z</datestamp><setSpec>com_10324_38</setSpec><setSpec>col_10324_852</setSpec></header><metadata><record xmlns="http://www.loc.gov/MARC21/slim" xmlns:doc="http://www.lyncode.com/xoai" xmlns:xsi="http://www.w3.org/2001/XMLSchema-instance" xmlns:dcterms="http://purl.org/dc/terms/" xsi:schemaLocation="http://www.loc.gov/MARC21/slim http://www.loc.gov/standards/marcxml/schema/MARC21slim.xsd">
<leader>00925njm 22002777a 4500</leader>
<datafield tag="042" ind1=" " ind2=" ">
<subfield code="a">dc</subfield>
</datafield>
<datafield tag="720" ind1=" " ind2=" ">
<subfield code="a">Cuenca Pérez, Silvia</subfield>
<subfield code="e">author</subfield>
</datafield>
<datafield tag="260" ind1=" " ind2=" ">
<subfield code="c">2024</subfield>
</datafield>
<datafield tag="520" ind1=" " ind2=" ">
<subfield code="a">El objeto del presente Trabajo Final de Grado constituye el análisis de la situación de una sociedad pública y la exposición de su modificación estructural mediante la transmisión íntegra, cesión global de activos, pasivos y personal, de dicha sociedad a una Entidad Pública Empresarial Local, analizando los aspectos mercantiles, administrativos, contables y tributarios y, asimismo, su consiguiente disolución y extinción. &#xd;
Para realizar este trabajo se han utilizado esencialmente dos técnicas de investigación. Por una parte, se han consultado diversos artículos académicos y se han analizado las leyes y regulaciones que rigen la cesión global de activos y pasivos. En segundo lugar, se han recopilado y examinado los datos financieros y contables más relevantes, tanto de la sociedad pública en vías de extinción como de la entidad receptora. &#xd;
Todo ello permite obtener una visión completa e integral de estos procesos, ofreciendo directrices y recomendaciones prácticas para su implementación.</subfield>
</datafield>
<datafield tag="024" ind2=" " ind1="8">
<subfield code="a">https://uvadoc.uva.es/handle/10324/75687</subfield>
</datafield>
<datafield tag="245" ind1="0" ind2="0">
<subfield code="a">Cesión global de activos, pasivos y personal de una sociedad en vías de extinción</subfield>
</datafield>
</record></metadata></record></GetRecord></OAI-PMH>